|
|
|
|
| LEADER |
00829nab a2200253 i 4500 |
| 001 |
publ35686 |
| 005 |
20250116081910.0 |
| 008 |
250116s2025 hu o 000 eng d |
| 022 |
|
|
|a 0031-9007
|
| 024 |
7 |
|
|a 10.1103/PhysRevLett.134.013601
|2 doi
|
| 024 |
7 |
|
|a 35675894
|2 mtmt
|
| 040 |
|
|
|a SZTE Publicatio Repozitórium
|b hun
|
| 041 |
|
|
|a eng
|
| 100 |
1 |
|
|a Lamprou Th.
|
| 245 |
1 |
0 |
|a Nonlinear Optics Using Intense Optical Coherent State Superpositions
|h [elektronikus dokumentum] /
|c Lamprou Th.
|
| 260 |
|
|
|c 2025
|
| 300 |
|
|
|a 7
|
| 490 |
0 |
|
|a PHYSICAL REVIEW LETTERS
|v 134 No. 1
|
| 650 |
|
4 |
|a Fizikai tudományok
|
| 700 |
0 |
2 |
|a Rivera-Dean J.
|e aut
|
| 700 |
0 |
2 |
|a Stammer P.
|e aut
|
| 700 |
0 |
2 |
|a Lewenstein M.
|e aut
|
| 700 |
0 |
2 |
|a Tzallas Paraskevas
|e aut
|
| 856 |
4 |
0 |
|u http://publicatio.bibl.u-szeged.hu/35686/1/35675894.pdf
|z Dokumentum-elérés
|